Größte Flughäfen Europas - 2025 - Statistiken

Allgemein
  • Dieses Quiz wurde 62 mal gespielt
    61 seit der letzten Aktualisierung
  • Das Durchschnittsergebnis liegt bei 17 aus 20
Antwortstatistiken
Passagiere/mio Flughafen % Korrekt
63.2 Frankfurt Airport
100%
43.2 London Gatwick
100%
84.5 London Heathrow
100%
72.0 Paris Charles de Gaulle
100%
68.8 Amsterdam Schiphol
96%
57.5 Barcelona El Prat
96%
84.4 Istanbul Airport
96%
41.5 Istanbul Sabiha Gökçen
96%
68.2 Madrid Barajas
96%
51.3 Rome Fiumicino
94%
28.2 Athens Airport
92%
43.4 Moscow Sheremetyevo
88%
32.6 Wien
86%
43.4 Munich Airport
84%
33.6 Lisbon Airport
80%
30.0 Copenhagen Airport
76%
32.9 Dublin Airport
75%
28.9 Zurich Airport
73%
33.8 Palma de Mallorca
51%
39.5 Antalya Airport
16%
Keine übereinstimmenden Quizze gefunden
Verteilung der Resultate
Anzahl Personen mit jedem Resultat
Perzentil nach korrekt beantworteten Fragen
Ihre Resultats-Entwicklung
Sie haben dieses Quiz seit der letzten Aktualisierung nicht gespielt